<?xml version="1.0" encoding="UTF-8"?>
<record
    xmlns:xsi="http://www.w3.org/2001/XMLSchema-instance"
    xsi:schemaLocation="http://www.loc.gov/MARC21/slim http://www.loc.gov/standards/marcxml/schema/MARC21slim.xsd"
    xmlns="http://www.loc.gov/MARC21/slim">

  <leader>01085    a2200205   4500</leader>
  <controlfield tag="001">39957</controlfield>
  <controlfield tag="005">20260407155656.0</controlfield>
  <controlfield tag="008">260407a1943    arg                 spa d</controlfield>
  <controlfield tag="003">AR-UNSa-BCEJYS</controlfield>
  <datafield tag="040" ind1=" " ind2=" ">
    <subfield code="a">AR-UNSa-BCEJYS</subfield>
    <subfield code="b">spa</subfield>
    <subfield code="c">AR-UNSa-BCEJYS</subfield>
  </datafield>
  <datafield tag="080" ind1=" " ind2=" ">
    <subfield code="a">911.3</subfield>
    <subfield code="x">Geograf&#xED;a humana. Geograf&#xED;a de los factores culturales</subfield>
  </datafield>
  <datafield tag="245" ind1="1" ind2="0">
    <subfield code="a">Geograf&#xED;a humana</subfield>
  </datafield>
  <datafield tag="250" ind1=" " ind2=" ">
    <subfield code="a">2a. ed.</subfield>
  </datafield>
  <datafield tag="264" ind1=" " ind2="1">
    <subfield code="a">Barcelona :</subfield>
    <subfield code="b">Labor</subfield>
    <subfield code="c">1943</subfield>
  </datafield>
  <datafield tag="300" ind1=" " ind2=" ">
    <subfield code="a">230 p.</subfield>
    <subfield code="c">19 cm.</subfield>
  </datafield>
  <datafield tag="505" ind1=" " ind2=" ">
    <subfield code="a">1. La geograf&#xED;a humana. Campo que abarca - 2. El hombre y el medio - 3. La expansi&#xF3;n del hombre en el globo - 4. Las fronteras de la humanidad - 5. Los vacios del ecumene - 6. Las unidades antropogeogr&#xE1;ficas y sus l&#xED;mites - 12. La vivienda. Su posici&#xF3;n y su distribuci&#xF3;n - 8. La viviednda rural - 9. El tr&#xE1;fico y los centros de intercambio - 10. Forma y evoluci&#xF3;n de los n&#xFA;cleos urbanos - 11. N&#xFA;mero y distribuci&#xF3;n de ls seres humanos - 12. El movimiento de poblaci&#xF3;n - 13. Razas y pueblos - 14. Idiomas y culturas. </subfield>
  </datafield>
  <datafield tag="942" ind1=" " ind2=" ">
    <subfield code="c">BK</subfield>
  </datafield>
  <datafield tag="590" ind1=" " ind2=" ">
    <subfield code="a">niveau_biblio:m niveau_hierar:0</subfield>
  </datafield>
  <datafield tag="100" ind1="1" ind2=" ">
    <subfield code="a">Krebs, Norbert</subfield>
  </datafield>
  <datafield tag="999" ind1=" " ind2=" ">
    <subfield code="c">3172</subfield>
    <subfield code="d">3172</subfield>
  </datafield>
  <datafield tag="952" ind1=" " ind2=" ">
    <subfield code="0">0</subfield>
    <subfield code="1">0</subfield>
    <subfield code="4">0</subfield>
    <subfield code="7">0</subfield>
    <subfield code="a">BCEJYS</subfield>
    <subfield code="b">BCEJYS</subfield>
    <subfield code="c">16</subfield>
    <subfield code="d">2026-04-07</subfield>
    <subfield code="l">0</subfield>
    <subfield code="o">911.3 K92</subfield>
    <subfield code="p">L20379</subfield>
    <subfield code="r">2026-04-07 15:56:56</subfield>
    <subfield code="w">2026-04-07</subfield>
    <subfield code="y">L</subfield>
  </datafield>
</record>
